[Event "Baltija Cup op 5th"]
[Site "Palanga"]
[Date "2008.06.19"]
[Round "7"]
[White "Rimeikis, Andrius"]
[Black "Slikas, Laurynas"]
[Result "1-0"]
[WhiteElo "1955"]
[BlackElo "1943"]
[PlyCount "107"]
[EventDate "2008.06.16"]
[EventType "swiss"]
[EventRounds "8"]
[EventCountry "LTU"]
[SourceTitle "EXT 2022"]
[Source "ChessBase"]
[SourceDate "2021.10.06"]
[SourceVersion "1"]
[SourceVersionDate "2021.10.06"]
[SourceQuality "1"]

1. e4 c5 2. c4 d6 3. Nc3 Nf6 4. g3 Nc6 5. Bg2 e5 6. Nge2 Be6 7. d3 Qd7 8. Bg5 h6 9. Bxf6 gxf6 10. f4 f5 11. Nd5 Bg7 12. Rb1 h5 13. h4 fxe4 14. dxe4 Bg4 15. f5 Nd4 16. Ndc3 f6 17. Qd3 Rc8 18. b3 Kf7 19. Bh3 Bxe2 20. Nxe2 Bh6 21. Bg2 Rhg8 22. Bf3 Nxf3+ 23. Qxf3 Rg4 24. Rd1 Rd8 25. a4 Qc6 26. Rd5 Qb6 27. Kf2 a6 28. Rhd1 Qc6 29. Qd3 Ke7 30. Ng1 Bf8 31. Nf3 Bh6 32. Nh2 Rgg8 33. Qe2 Qe8 34. R1d3 Bf8 35. Qd1 Kd7 36. Rxc5 b6 37. Rcd5 a5 38. c5 bxc5 39. Rxc5 Ra8 40. Qc2 Qb8 41. Kg2 Be7 42. Qc4 Rc8 43. Qe6+ Kd8 44. Rxc8+ Qxc8 45. Qxc8+ Rxc8 46. g4 hxg4 47. Nxg4 Ke8 48. h5 Kf7 49. Ne3 Ra8 50. Nc4 Ra6 51. Rd5 Ra8 52. Rxa5 Rh8 53. Ra7 Rxh5 54. Nxd6+ 1-0

[Event "Baltija Cup op 5th"]
[Site "Palanga"]
[Date "2008.06.18"]
[Round "5"]
[White "Janulynas, Jonas"]
[Black "Slikas, Laurynas"]
[Result "0-1"]
[WhiteElo "1826"]
[BlackElo "1943"]
[PlyCount "116"]
[EventDate "2008.06.16"]
[EventType "swiss"]
[EventRounds "8"]
[EventCountry "LTU"]
[SourceTitle "EXT 2022"]
[Source "ChessBase"]
[SourceDate "2021.10.06"]
[SourceVersion "1"]
[SourceVersionDate "2021.10.06"]
[SourceQuality "1"]

1. e4 c5 2. Nf3 d6 3. d4 cxd4 4. Nxd4 Nf6 5. Nc3 a6 6. Bg5 e6 7. f4 Qc7 8. Qf3 Nc6 9. 0-0-0 Be7 10. Be2 Nxd4 11. Rxd4 0-0 12. Qg3 Kh8 13. e5 dxe5 14. fxe5 Ng8 15. Bxe7 Nxe7 16. Bd3 Nf5 17. Qh3 Qxe5 18. Re4 Qc5 19. Rhe1 b5 20. g4 Nh6 21. Re5 Qc7 22. Rh5 Qf4+ 23. Kb1 e5 24. Be2 b4 25. Rf1 Bxg4 26. Bxg4 Qxg4 27. Rxh6 Qxh3 28. Rxh3 bxc3 29. Rxc3 e4 30. Rc6 f5 31. Re6 g6 32. c4 Rfe8 33. Rxe8+ Rxe8 34. Kc2 Kg7 35. b4 Kf6 36. b5 Ke5 37. Rd1 axb5 38. cxb5 Rc8+ 39. Kb3 e3 40. a4 f4 41. b6 f3 42. a5 f2 43. b7 Rb8 44. a6 e2 45. Rd8 Rxd8 46. a7 e1Q 47. b8Q+ Rxb8+ 48. axb8Q+ Kf5 49. Qf8+ Kg5 50. Qc5+ Kg4 51. Qc8+ Kf4 52. Qf8+ Ke3 53. Qe7+ Kf3 54. Qf6+ Kg2 55. Qg5+ Kf1 56. Qb5+ Qe2 57. Qd5 Qe3+ 58. Kc2 Kg1 0-1

[Event "LTU-ch U20"]
[Site "Vilnius"]
[Date "2008.01.31"]
[Round "6"]
[White "Slikas, Laurynas"]
[Black "Sivickis, Edvardas"]
[Result "1/2-1/2"]
[WhiteElo "1958"]
[BlackElo "1948"]
[PlyCount "53"]
[EventDate "2008.01.28"]
[EventType "swiss"]
[EventRounds "9"]
[EventCountry "LTU"]
[SourceTitle "CBM 122 Extra"]
[Source "ChessBase"]
[SourceDate "2008.03.04"]
[SourceVersion "1"]
[SourceVersionDate "2008.03.04"]
[SourceQuality "1"]

1. d4 Nf6 2. c4 g6 3. Nc3 d5 4. cxd5 Nxd5 5. e4 Nxc3 6. bxc3 Bg7 7. Nf3 c5 8. Be3 Nc6 9. Rb1 cxd4 10. cxd4 0-0 11. Bc4 Bg4 12. 0-0 Rc8 13. Bd5 Bxf3 14. Qxf3 Qd7 15. Rfd1 b6 16. a3 e6 17. Bxc6 Rxc6 18. Rbc1 Rfc8 19. Rxc6 Qxc6 20. h3 f5 21. Rc1 Qb7 22. Rxc8+ Qxc8 23. exf5 gxf5 24. Qf4 Qd7 25. g4 fxg4 26. hxg4 b5 27. Qe4 1/2-1/2

[Event "LTU-ch U20"]
[Site "Vilnius"]
[Date "2008.01.30"]
[Round "4"]
[White "Slikas, Laurynas"]
[Black "Alekberovas, Anaras"]
[Result "0-1"]
[WhiteElo "1958"]
[BlackElo "2069"]
[PlyCount "94"]
[EventDate "2008.01.28"]
[EventType "swiss"]
[EventRounds "9"]
[EventCountry "LTU"]
[SourceTitle "CBM 122 Extra"]
[Source "ChessBase"]
[SourceDate "2008.03.04"]
[SourceVersion "1"]
[SourceVersionDate "2008.03.04"]
[SourceQuality "1"]

1. d4 d5 2. c4 e6 3. Nc3 c5 4. e3 Nf6 5. cxd5 exd5 6. g3 cxd4 7. exd4 Bg4 8. Be2 Bxe2 9. Ngxe2 h6 10. Qb3 Qd7 11. Nf4 Nc6 12. Be3 0-0-0 13. 0-0 g5 14. Nd3 Ng4 15. Rac1 Kb8 16. Na4 Na5 17. Qc3 Nc4 18. Ndc5 Qc8 19. b3 Nb6 20. Qb4 Qc6 21. Qa5 Bxc5 22. Nxc5 Qd6 23. Qb4 f5 24. a4 Rh7 25. a5 Nc8 26. Rc3 f4 27. Bd2 h5 28. Rfc1 h4 29. gxf4 Rf7 30. h3 Nf6 31. fxg5 Nh5 32. f4 Ng3 33. Rxg3 hxg3 34. Kg2 Re8 35. Kxg3 Rh8 36. Rb1 Ka8 37. Rc1 Rc7 38. Rb1 Ne7 39. Kg4 Qg6 40. Nxb7 Qh5+ 41. Kg3 Qxh3+ 42. Kf2 Qh2+ 43. Ke1 Qh1+ 44. Ke2 Qe4+ 45. Be3 Rc2+ 46. Qd2 Rxd2+ 47. Kxd2 Qxb1 0-1

[Event "Four Nations U20"]
[Site "Oslo"]
[Date "2007.12.01"]
[Round "2"]
[White "Haarr, Jon Kristian"]
[Black "Slikas, Laurynas"]
[Result "0-1"]
[WhiteElo "1922"]
[BlackElo "1958"]
[PlyCount "96"]
[EventDate "2007.11.30"]
[EventType "team"]
[EventRounds "3"]
[EventCountry "NOR"]
[SourceTitle "CBM 121 Extra"]
[Source "ChessBase"]
[SourceDate "2008.01.10"]
[SourceVersion "1"]
[SourceVersionDate "2008.01.10"]
[SourceQuality "1"]

1. e4 c5 2. c3 Nf6 3. e5 Nd5 4. d4 cxd4 5. Nf3 Nc6 6. cxd4 d6 7. exd6 Qxd6 8. Nc3 Nxc3 9. bxc3 Bg4 10. Be2 e6 11. h3 Bh5 12. 0-0 Be7 13. Qb3 b6 14. Qb5 Bxf3 15. Bxf3 Rc8 16. Ba3 Qxa3 17. Bxc6+ Kf8 18. c4 Qd6 19. d5 Bf6 20. Rad1 Rc7 21. Rfe1 g6 22. Ba8 Qd8 23. Qb4+ Kg7 24. Bc6 Qc8 25. a4 Rd8 26. a5 Qb8 27. Rb1 Bd4 28. axb6 axb6 29. Re4 Bc5 30. Qb2+ Kg8 31. Ra1 Ra7 32. Rxa7 Qxa7 33. g3 Qc7 34. Kh2 Qd6 35. Rf4 e5 36. Re4 Bd4 37. Qe2 f5 38. Rh4 e4 39. Qd2 Bf6 40. Rh6 Kg7 41. Kg2 f4 42. Rh4 Bxh4 43. gxh4 Qf6 44. Qc2 f3+ 45. Kh2 Qf4+ 46. Kg1 Qxh4 47. Qb2+ Kh6 48. Kh2 Qf4+ 0-1

[Event "Baltija Cup op 4th"]
[Site "Palanga"]
[Date "2007.06.19"]
[Round "6"]
[White "Slikas, Laurynas"]
[Black "Saulyte, Evelina"]
[Result "1/2-1/2"]
[WhiteElo "2030"]
[BlackElo "1973"]
[PlyCount "30"]
[EventDate "2007.06.16"]
[EventType "swiss"]
[EventRounds "8"]
[EventCountry "LTU"]
[SourceTitle "EXT 2022"]
[Source "ChessBase"]
[SourceDate "2021.10.06"]
[SourceVersion "1"]
[SourceVersionDate "2021.10.06"]
[SourceQuality "1"]

1. d4 d5 2. c4 c6 3. Nc3 Nf6 4. Nf3 e6 5. Bg5 h6 6. Bh4 dxc4 7. e4 g5 8. Bg3 b5 9. a3 Bb7 10. Be2 Nbd7 11. 0-0 a6 12. Re1 Bg7 13. Bd6 Nb6 14. Bc5 Nbd7 15. Bd6 Nb6 1/2-1/2

[Event "Baltija Cup op 4th"]
[Site "Palanga"]
[Date "2007.06.17"]
[Round "2"]
[White "Slikas, Laurynas"]
[Black "Jankunas, Valentinas"]
[Result "1/2-1/2"]
[WhiteElo "2030"]
[BlackElo "1842"]
[PlyCount "44"]
[EventDate "2007.06.16"]
[EventType "swiss"]
[EventRounds "8"]
[EventCountry "LTU"]
[SourceTitle "EXT 2022"]
[Source "ChessBase"]
[SourceDate "2021.10.06"]
[SourceVersion "1"]
[SourceVersionDate "2021.10.06"]
[SourceQuality "1"]

1. d4 Nf6 2. c4 g6 3. Nc3 Bg7 4. e4 d6 5. Be2 0-0 6. Nf3 e5 7. 0-0 exd4 8. Nxd4 Re8 9. f3 Nc6 10. Be3 Nh5 11. Nxc6 bxc6 12. Qd2 f5 13. Bg5 Bf6 14. Bxf6 Qxf6 15. exf5 gxf5 16. f4 Ng7 17. Rf3 Bd7 18. Rh3 Re7 19. Qd3 Ne6 20. Rf1 Qd4+ 21. Kh1 Qxd3 22. Bxd3 Nc5 1/2-1/2

[Event "LTU-ch U20"]
[Site "Vilnius"]
[Date "2007.02.02"]
[Round "8"]
[White "Slikas, Laurynas"]
[Black "Macenis, Audrius"]
[Result "0-1"]
[WhiteElo "2062"]
[BlackElo "1907"]
[PlyCount "104"]
[EventDate "2007.01.29"]
[EventType "swiss"]
[EventRounds "9"]
[EventCountry "LTU"]
[SourceTitle "EXT 2010"]
[Source "ChessBase"]
[SourceDate "2010.11.25"]
[SourceVersion "1"]
[SourceVersionDate "2010.11.25"]
[SourceQuality "1"]

1. d4 e6 2. c4 Nf6 3. Nf3 b6 4. a3 Bb7 5. Nc3 d5 6. cxd5 Nxd5 7. Qc2 Be7 8. e4 Nxc3 9. bxc3 0-0 10. Bd3 c5 11. 0-0 Qc8 12. Qe2 Ba6 13. Bg5 Re8 14. Bxe7 Bxd3 15. Qxd3 Rxe7 16. Rfd1 Nd7 17. e5 Nf8 18. Qe4 cxd4 19. cxd4 Qd8 20. Rd3 Rc8 21. h4 Rec7 22. h5 h6 23. Qf4 Rc3 24. Rad1 Qe7 25. a4 Qa3 26. Rxc3 Rxc3 27. d5 Qb3 28. Qd2 exd5 29. Nd4 Qc4 30. Nb5 Rc2 31. Qd4 Ne6 32. Qxc4 dxc4 33. Nxa7 Ra2 34. Nc8 c3 35. Ne7+ Kh7 36. Nd5 c2 37. Rc1 Nd4 38. Nc3 Ra3 39. Nb5 Rd3 40. Nxd4 Rd1+ 41. Kh2 Rxc1 42. Kg3 Kg8 43. Kf3 Re1 44. Nxc2 Rxe5 45. g4 Ra5 46. Nb4 Rxa4 47. Nd5 b5 48. Ne7+ Kf8 49. Nc6 b4 50. Ke3 b3 51. Kd3 b2 52. Kc2 Rc4+ 0-1

[Event "LTU-ch U20"]
[Site "Vilnius"]
[Date "2007.01.30"]
[Round "2"]
[White "Slikas, Laurynas"]
[Black "Pileckis, Emilis"]
[Result "0-1"]
[WhiteElo "2062"]
[BlackElo "2315"]
[PlyCount "64"]
[EventDate "2007.01.29"]
[EventType "swiss"]
[EventRounds "9"]
[EventCountry "LTU"]
[SourceTitle "EXT 2010"]
[Source "ChessBase"]
[SourceDate "2010.11.25"]
[SourceVersion "1"]
[SourceVersionDate "2010.11.25"]
[SourceQuality "1"]

1. d4 Nf6 2. c4 e6 3. Nf3 b6 4. a3 Ba6 5. Qc2 Bb7 6. Nc3 c5 7. e4 cxd4 8. Nxd4 Bc5 9. Nb3 Nc6 10. Bg5 Nd4 11. Nxd4 Bxd4 12. Bd3 Qb8 13. 0-0-0 0-0 14. Ne2 Bxf2 15. Bxf6 gxf6 16. Rdf1 Bh4 17. Kb1 b5 18. c5 Rc8 19. Nf4 Qe5 20. Qe2 Rxc5 21. g3 Bg5 22. Nh5 f5 23. h4 Be7 24. g4 fxe4 25. Qf2 Rf8 26. Re1 f5 27. gxf5 Qxf5 28. Rhg1+ Kh8 29. Qg3 Qg6 30. Be2 Qxg3 31. Nxg3 Bxh4 32. Rd1 Bc6 0-1